000 00436nam a2200181Ia 4500
001 19207
005 20260306171727.0
008 260306s9999||||xx |||||||||||||| ||und||
041 _aESP
082 _a658.8007
_bL99
100 _aLuque Martínez, Teodoro
_eAUT
245 0 _aInvestigación de marketing 3.0
260 _c2017
300 _a489 páginas :
_c24 cm.
650 _aGEN
654 _aCAN
942 _cLIB
_dJUS
_fJUS
_2ddc
_n
999 _c19207
_d19207